Quizzes
Events
Quiz Creation
Community
Videos
Private Events
Remove Ads
Sign In
Join for FREE
Feedback
Dark Mode
Quiz Categories
Sports
Geography
Music
Movies
Television
Just For Fun
Miscellaneous
History
Literature
Language
Science
Gaming
Entertainment
Religion
Holiday
For Kids
Quiz Lab
Recent
Popular Today
Quiz Kudos Today
Editor Picks
Curator Picks
Quizzes by...
Day
Popularity
Type
Ratings
Length
Year
Community
Subscriptions
Recent Discussions
Orange Saloon
Badges
Playlists
Quests
Create
Leaderboards
Showdown
Live 5
Trivia Bingo
Activity
Puzzle Library
Sporcle Events
Private Events
Virtual Trivia
Globe League
Become a Host
Pub Owners
SporcleCon
Opinionation
Our Games
Videos
Blog
Mobile Apps
Partnerships
Remove Ads and Go Orange
Feedback
Sports
Athletes
MLB
NBA
NHL
NFL
Soccer
Sports Teams
WWE
NCAA
Football
Premier League
Basketball
Baseball
Hockey
Golf
Tennis
Cricket
Rugby
Auto Racing
Olympics
World Cup
Sports
Athletes
MLB
NBA
NHL
NFL
Soccer
Sports Teams
WWE
NCAA
Football
Premier League
Basketball
Baseball
Hockey
Golf
Tennis
Cricket
Rugby
Auto Racing
Olympics
World Cup
Random Quiz
Search Sporcle
×
Quiz Lab
Quiz Lab
Sports
Whip
Type in answers that appear in a list
Type in answers that appear in a list
Classic
Best Score? Go Orange.
250k's/Sub 1.000 WHIP Same Season Stats
Can you name the pitchers who had 250+ k's and a sub 1.000 WHIP in the same season?
By
luke78
8m
21 Questions
206 Plays
206 Plays
206 Plays
Comments
Comments
Give Quiz Kudos
Give Quiz Kudos
-
- Ratings
hide this ad
More Info
Replay
Link that replays current quiz
Next Quiz
Link to next quiz in quiz playlist
You Got
0%
They Got
Avg Score
69%
Avg Friend Score
Upgrade to see
Score Distribution
Jump to the score distribution portion of the page
Score
0/21
Timer
08:00
0
Plays Today
STRIKEOUTS/WHIP
PITCHER
% Correct
305/
(0.932)
Pedro Martinez
96.1%
313/
(0.923)
Pedro Martinez
96.1%
284/
(0.737)
Pedro Martinez
96.1%
290/
(0.900)
Randy Johnson
95.6%
306/
(0.875)
Sandy Koufax
93.2%
382/
(0.855)
Sandy Koufax
93.2%
317/
(0.985)
Sandy Koufax
93.2%
268/
(0.853)
Bob Gibson
83.5%
310/
(0.993)
Steve Carlton
78.6%
316/
(0.968)
Curt Schilling
78.6%
289/
(0.946)
Tom Seaver
77.7%
STRIKEOUTS/WHIP
PITCHER
% Correct
251/
(0.976)
Tom Seaver
77.7%
250/
(0.920)
Justin Verlander
66.5%
268/
(0.965)
Dwight Gooden
61.2%
265/
(0.921)
Johan Santana
59.7%
301/
(0.952)
Vida Blue
50.5%
306/
(0.923)
Mike Scott
46.1%
280/
(0.905)
Denny McLain
43.7%
264/
(0.871)
Luis Tiant
41.3%
261/
(0.988)
Frank Tanana
18%
264(0.983)
Ben Sheets
17%
Quiz Playlist
Details
Report
Send in Message
Add To Playlist
More Info:
*Not including deadball era
Classic:
Type in answers that appear in a list
Quiz Source
Last Updated: Feb 16, 2017
Quiz Scoreboard
CHALLENGE
Sign Up to Join the Scoreboard
Show All
Scores
Hide
Comments
May contain spoilers
Recently Published
Pick 6: Fruits
by JohnFran
Miscellaneous
15s
Click the 1999 NBA Draft
by nibperrychub
Sports
2m
Alphabetical 'K' Countries by Flag Minefield
by ylime102
Geography
3m
More to Explore
Quiz From the Vault
Featured Blog Post
15 Basketball Trivia Facts You Can Be March Mad About
hide this ad
You Might Also Like...
Tags
1000
250
same
season
sub
Whip
Today's Top Quizzes in Sports
Browse Sports
hide this ad
Today's Top Quizzes in Whip
Browse Whip
Top Contributed Quizzes in Sports
1
Les joueurs à 100 buts en Ligue 1 Uber Eats
2
Pick 6: NFL Teams
3
MLB 2 truths and a lie: Hall of Fame pitchers
4
Criteria MLB: Left Handed Sluggers
5
2022 World Cup Stars
6
Don't Strike Out: 3000 Strikeouts
7
Millionaire: NBA Finals Edition
8
Pick 6: Minor League Baseball
9
Click the 1998 NBA Draft
10
Pick 6: Olympics
Explore More
Trending Topics
NBA
Crossword
Harry Potter
Marvel
Disney
Anime
Kpop
Pokémon
Country
Soccer
WWE
NFL
The Office
Puzzle
Song
hide this ad
More By:
luke78
Quiz
Plays
Rating
Category
Featured
Created
30+ Home Runs for the Yankees
4,731
4.68
Sports
Jun 7, 2013
2 Or More Seasons With 100+ Receptions
3,650
4.57
Sports
Feb 2, 2013
30+ Home Runs for the Cubs
2,390
4.70
Sports
Jun 8, 2013
30+ Home Runs for the White Sox
2,292
4.63
Sports
Jul 9, 2013
30+ Home Runs for the Red Sox
1,582
4.53
Sports
Jun 7, 2013
Go to Creator's Profile
Score Distribution
Quiz Creator Spotlight
luke78
Follow
Send a Message
Quizzes Created
-
Created Quiz Play Count
-
More By This Creator
Popular Quizzes Today
1
Countries of Asia Without Outlines Minefield
2
Find the US States - No Outlines Minefield
3
Pick 6: Fruits
4
Alphabetical 'K' Countries by Flag Minefield
5
The Countries of the World
6
Find the US States
7
US States
8
Match the Book to the Film X
More Sports Quizzes
NFL Leaders (2013)
Published
Trending Quizzes
Pick 6: Mountains
Pick 6: Harry Potter
Pick 6: NFL Teams
Pick 6: Movie Franchises
Pick 6: Golfers
Recently Updated
NWSL Teams
pecheneg
Women's Final Four Teams by Year
bhenderson79
Presidents Quartet II
eogle
Anything But Clue(do)
eogle
Anything But Oceanian Capitals
eogle
Anything But 7
eogle
Anything But Thing
eogle
Word Ladder: February 29
pecheneg
Song Title Questions
pecheneg
Women's NCAA Tournament #1 Seeds
pecheneg
Trending Topics
NBA
Marvel
Crossword
Disney
Harry Potter
Kpop
Anime
Pokémon
WWE
Song
Puzzle
Country
The Office
NFL
Soccer
Your Account Isn't Verified!
In order to create a playlist on Sporcle, you need to verify the email address you used during registration. Go to your
Sporcle Settings
to finish the process.
Report this User
Report this user for behavior that violates our
Community Guidelines
.
Details:
Send Report
Go to the Sporcle.com Mobile Site →
Comments